00290nam a2200121Ia 4500008004100000100001500041245004200056260002500098300000900123650001400132942000700146999001500153190216s9999||||xx |||||||||||||| ||und|| aAgarwal Op 0aChemistry Of Organic Natural Products bGoel Pub Housec1982 a494p aChemistry cBK c2569d2569